000 00657nab a2200241 a 4500
001 70233
003 144203
005 20201118110752.0
008 ||||||n9999 ||| || ||
041 _aspa
100 _aDi Gropello, Emanuela
245 0 _aLos modelos de descentralizacion educativa en America Latina
260 _aChile :
_bNAUNI,
_c1999.
300 _app.153-170
562 _e0
650 _aANÁLISIS DE CASOS
650 _aCALIDAD DE LA EDUCACIÓN
650 _aDESCENTRALIZACIÓN DE ESCUELAS
650 _aREFORMA EDUCATIVA
650 _aSECTOR EDUCATIVO
773 _069712
_aRevista de la CEPAL - No.68 :
942 _cSART
999 _c70233
_d70233